000 00431nam a2200157Ia 4500
008 230917s9999||||xx |||||||||||||| ||und||
040 _e251629
_aMAIN
041 _aEnglish
082 _a330.1543 K849T
100 _aKoutsoyiannis, A
245 0 _aTheory of econometrics: An introductory exposition of econometric methods
250 _a2nd ed.
260 _aNew York
_bMacmillan
_c1992
300 _axvii, 681 p.
942 _cBK
999 _c112739
_d112739